[Event "Titled Tuesday intern op 17th Nov"]
[Site "Chess.com INT"]
[Date "2020.11.17"]
[Round "10"]
[White "Sochacki, Wojtek"]
[Black "Grabinsky, Vladimir"]
[Result "1-0"]
[WhiteElo "2320"]
[BlackElo "2219"]
[PlyCount "69"]
[EventDate "2020.11.17"]
[EventType "swiss (blitz)"]
[EventRounds "11"]
[EventCountry "USA"]
[SourceTitle "CBM 199 Extra"]
[Source "ChessBase"]
[SourceDate "2021.01.31"]
[SourceVersion "1"]
[SourceVersionDate "2021.01.31"]
[SourceQuality "1"]

1. c4 c5 2. Nc3 Nc6 3. g3 e5 4. Bg2 g6 5. d3 Bg7 6. Nf3 Nge7 7. 0-0 0-0 8. Ne1 f5 9. f4 d6 10. Nd5 Nxd5 11. Bxd5+ Kh8 12. e3 Qe7 13. Qf3 Be6 14. Bxc6 bxc6 15. Qxc6 Rab8 16. Rb1 e4 17. a3 exd3 18. Nxd3 Bxc4 19. Rd1 Qe6 20. b4 Bd5 21. Nxc5 dxc5 22. Qxd5 Qe7 23. Qf3 cxb4 24. axb4 Rfc8 25. b5 Rc2 26. Bd2 Qc5 27. Qc6 Qa3 28. Qxc2 h5 29. Bb4 Qxe3+ 30. Qf2 Qe4 31. Bd6 Rd8 32. Be5 Rxd1+ 33. Rxd1 Bxe5 34. fxe5 Qxe5 35. Qd4 1-0

[Event "FRA-ch Blitz Online Qual"]
[Site "Europe Echecs INT"]
[Date "2020.05.16"]
[Round "13"]
[White "Sochacki, Wojtek"]
[Black "Bournel, Antoine"]
[Result "1-0"]
[WhiteElo "2320"]
[BlackElo "2238"]
[PlyCount "185"]
[EventDate "2020.05.16"]
[EventType "swiss (blitz)"]
[EventRounds "15"]
[EventCountry "FRA"]
[SourceTitle "CBM 196 Extra"]
[Source "ChessBase"]
[SourceDate "2020.07.31"]
[SourceVersion "1"]
[SourceVersionDate "2020.07.31"]
[SourceQuality "1"]

1. e4 c5 2. Nf3 g6 3. d4 cxd4 4. Qxd4 Nf6 5. Nc3 Nc6 6. Qa4 d6 7. e5 dxe5 8. Nxe5 Bg7 9. Nxc6 bxc6 10. Be2 0-0 11. 0-0 Bd7 12. Bf3 Qb6 13. Rb1 Rab8 14. Be3 c5 15. Qc4 Rfc8 16. a3 Be6 17. Qh4 Qa5 18. Qa4 Qc7 19. Bf4 Qb6 20. Bxb8 Rxb8 21. Rfe1 c4 22. Qc6 Qa5 23. Rxe6 fxe6 24. Qxe6+ Kh8 25. Qxc4 Qf5 26. Ne4 Rc8 27. Qd3 Nd5 28. c3 Nf4 29. Qe3 g5 30. h3 h5 31. Re1 Rf8 32. Ng3 Qg6 33. Qe4 Qb6 34. Qe3 Qf6 35. Nxh5 Nxh5 36. Bxh5 Bh6 37. Qe5 Kg7 38. Qxe7+ Kh8 39. Qxf6+ Rxf6 40. Re8+ Bf8 41. Ra8 a6 42. Be2 Kg7 43. Rxa6 Rf4 44. Ra7+ Kf6 45. Bf3 Bd6 46. Ra6 Ke7 47. Kf1 Rf5 48. Ke2 Re5+ 49. Kd3 Rc5 50. b4 Re5 51. c4 Re1 52. c5 Be5 53. Bd5 Rd1+ 54. Ke4 Bg7 55. Ra7+ Kf6 56. Rf7+ Kg6 57. Rd7 Re1+ 58. Kd3 Ra1 59. Be4+ Kh6 60. g4 Rxa3+ 61. Kc4 Rc3+ 62. Kd5 Rxh3 63. Rd6+ Bf6 64. Rxf6+ Kg7 65. Rg6+ Kf7 66. Rxg5 Rb3 67. Kc4 Rb2 68. f3 Ke7 69. b5 Kd7 70. Rg7+ Ke6 71. Rg6+ Ke5 72. Rg5+ Ke6 73. Bd5+ Kf6 74. Rf5+ Ke7 75. Rf7+ Ke8 76. c6 Rb1 77. Kc5 Rc1+ 78. Kd6 Re1 79. g5 Re2 80. g6 Rg2 81. g7 Rg1 82. f4 Rg6+ 83. Kc5 Rg1 84. g8Q+ Rxg8 85. Re7+ Kxe7 86. Bxg8 Kd8 87. Bd5 Kc8 88. Kd6 Kb8 89. b6 Kc8 90. f5 Kd8 91. f6 Kc8 92. f7 Kd8 93. f8Q# 1-0

[Event "FRA-ch Blitz Online Qual"]
[Site "Europe Echecs INT"]
[Date "2020.05.16"]
[Round "3"]
[White "Sochacki, Wojtek"]
[Black "Verspecht, Thierry"]
[Result "1-0"]
[WhiteElo "2320"]
[BlackElo "2033"]
[PlyCount "99"]
[EventDate "2020.05.16"]
[EventType "swiss (blitz)"]
[EventRounds "15"]
[EventCountry "FRA"]
[SourceTitle "CBM 196 Extra"]
[Source "ChessBase"]
[SourceDate "2020.07.31"]
[SourceVersion "1"]
[SourceVersionDate "2020.07.31"]
[SourceQuality "1"]

1. d4 Nf6 2. Nf3 g6 3. g3 Bg7 4. Bg2 0-0 5. 0-0 d6 6. c4 Nc6 7. Nc3 a6 8. Bf4 Rb8 9. Rc1 Na5 10. Qd3 Nh5 11. Bg5 h6 12. Bd2 Nc6 13. d5 Nb4 14. Qb1 a5 15. a3 Na6 16. Nb5 a4 17. Be3 c6 18. Nc3 Qa5 19. Qc2 Bf5 20. Qd1 cxd5 21. Nxd5 Qd8 22. Bd4 e5 23. Bb6 Qd7 24. Be3 Nc5 25. Nh4 Be6 26. h3 Nb3 27. Rc3 e4 28. Rxb3 axb3 29. Qxb3 g5 30. Bxe4 gxh4 31. Bf3 Nf6 32. Nf4 Rbc8 33. Rc1 Nh7 34. gxh4 Ng5 35. Bg2 Nh7 36. Nh5 Nf6 37. Nxg7 Kxg7 38. Bd4 Qe7 39. Qf3 Rh8 40. Qg3+ Kf8 41. Qf4 Ng8 42. Bxh8 Rc5 43. Qg3 Rf5 44. Qg7+ Ke8 45. Qxg8+ Kd7 46. Bxb7 Qxh4 47. Bg2 Qxf2+ 48. Kh1 Rg5 49. Qa8 Qxg2+ 50. Qxg2 1-0